UCM

Historia da Educacao (Record no. 49490)

MARC details
000 -LEADER
fixed length control field 00383nam a22001577a 4500
008 - FIXED-LENGTH DATA ELEMENTS--GENERAL INFORMATION
fixed length control field 230313b |||||||| |||| 00| 0 eng d
020 ## - INTERNATIONAL STANDARD BOOK NUMBER
International Standard Book Number 978-85-08-11095-7
050 ## - LIBRARY OF CONGRESS CALL NUMBER
Classification number 37
100 ## - MAIN ENTRY--PERSONAL NAME
Personal name VEIGA,Cynthia Greive
245 ## - TITLE STATEMENT
Title Historia da Educacao
Statement of responsibility, etc CYNTHIA, Greive Veiga
250 ## - EDITION STATEMENT
Edition statement 1a ed
260 ## - PUBLICATION, DISTRIBUTION, ETC. (IMPRINT)
Place of publication, distribution, etc Sao Paulo
Name of publisher, distributor, etc Atica
300 ## - PHYSICAL DESCRIPTION
Extent 328p
440 ## - SERIES STATEMENT/ADDED ENTRY--TITLE
Title Colecao
942 ## - ADDED ENTRY ELEMENTS (KOHA)
Source of classification or shelving scheme Universal Decimal Classification
Item type Books
Holdings
Withdrawn status Lost status Damaged status Not for loan Collection code Home library Current library Shelving location Date acquired Total Checkouts Full call number Barcode Date last seen Copy number Price effective from Koha item type Source of classification or shelving scheme Use restrictions
Withdrawn       Reference Lichinga - Faculdade de Gestão de Recursos Florestais e Faunísticos Lichinga - Faculdade de Gestão de Recursos Florestais e Faunísticos General Stacks 13/03/2023   37(93) 22082383057 13/03/2023 1 13/03/2023 Books    
Withdrawn       Reference Lichinga - Faculdade de Gestão de Recursos Florestais e Faunísticos Lichinga - Faculdade de Gestão de Recursos Florestais e Faunísticos General Stacks 13/03/2023   37(93) 22082383058 13/03/2023 2 13/03/2023 Books Universal Decimal Classification  
Withdrawn Long Overdue (Lost) Damaged Not For Loan Reference Lichinga - Faculdade de Gestão de Recursos Florestais e Faunísticos Lichinga - Faculdade de Gestão de Recursos Florestais e Faunísticos Book Cart 13/03/2023   37(93) 22082383059 13/03/2023 3 13/03/2023 Books Universal Decimal Classification Restricted Access

Universidade Católica de Moçambique - Rua Marquês de Soveral, 960, Palmeiras II, Beira, Moçambique

Tel (Central): (+258) 23 313 077 - Fax: (+258) 23 311 520 - Email: reitoria@ucm.ac.mz - Web: www.ucm.ac.mz